[Event "Catalunya-chT Gp1"]
[Site "Barcelona"]
[Date "2024.02.17"]
[Round "5.10"]
[White "Colls Gelaberto, Emilio"]
[Black "Dorca Dilme, Ramon"]
[Result "1/2-1/2"]
[WhiteElo "2019"]
[BlackElo "2072"]
[PlyCount "23"]
[EventDate "2024.01.20"]
[EventType "team-tourn"]
[EventRounds "7"]
[EventCountry "ESP"]
[SourceTitle "CB11_2024"]
[SourceDate "2024.03.13"]
[SourceVersion "1"]
[SourceVersionDate "2024.03.13"]
[SourceQuality "1"]
[WhiteTeam "Figueres"]
[BlackTeam "Olot"]
[WhiteTeamCountry "ESP"]
[BlackTeamCountry "ESP"]

1. d4 e6 2. Bf4 b6 3. Nf3 Bb7 4. e3 f5 5. Be2 Nf6 6. 0-0 Be7 7. h3 0-0 8. c4 Ne4 9. d5 Bf6 10. Be5 Bxe5 11. Nxe5 d6 12. Nd3 1/2-1/2

[Event "Santa Eugenia op 13th"]
[Site "Santa Eugenia"]
[Date "2018.08.03"]
[Round "9"]
[White "Dorca Dilme, Ramon"]
[Black "Farre I Benseny, Miquel"]
[Result "1/2-1/2"]
[WhiteElo "2184"]
[BlackElo "1752"]
[PlyCount "31"]
[EventDate "2018.07.30"]
[EventType "swiss"]
[EventRounds "9"]
[EventCountry "ESP"]
[SourceTitle "CBM 185 Extra"]
[Source "ChessBase"]
[SourceDate "2018.07.29"]
[SourceVersion "1"]
[SourceVersionDate "2018.07.29"]
[SourceQuality "1"]

1. e4 e6 2. d4 d5 3. e5 c5 4. c3 Nc6 5. Nf3 Nge7 6. a3 c4 7. Nbd2 Bd7 8. g3 Ng6 9. h4 h5 10. Be2 Nge7 11. Rb1 Nf5 12. Nf1 Be7 13. Ne3 Na5 14. Nxf5 exf5 15. Bg5 g6 16. Qd2 1/2-1/2

[Event "Santa Eugenia op 13th"]
[Site "Santa Eugenia"]
[Date "2018.08.02"]
[Round "7"]
[White "Dorca Dilme, Ramon"]
[Black "Linder, Oliver"]
[Result "1-0"]
[WhiteElo "2184"]
[BlackElo "1963"]
[PlyCount "75"]
[EventDate "2018.07.30"]
[EventType "swiss"]
[EventRounds "9"]
[EventCountry "ESP"]
[SourceTitle "CBM 185 Extra"]
[Source "ChessBase"]
[SourceDate "2018.07.29"]
[SourceVersion "1"]
[SourceVersionDate "2018.07.29"]
[SourceQuality "1"]

1. e4 e6 2. Qe2 Be7 3. Nf3 Nf6 4. g3 d5 5. e5 Nfd7 6. Bg2 c5 7. 0-0 Nc6 8. d3 b6 9. c3 Bb7 10. Nbd2 Qc7 11. Re1 g5 12. h3 h5 13. g4 hxg4 14. hxg4 0-0-0 15. Nf1 Rdg8 16. d4 Kb8 17. Ng3 Rg6 18. Bd2 Qc8 19. Rac1 Qg8 20. b3 Rh4 21. dxc5 Nxc5 22. Nd4 Nxd4 23. cxd4 Ba6 24. Qe3 Nd3 25. Bf1 Nxc1 26. Bxa6 Nxa2 27. Ra1 Qe8 28. Rxa2 Rg8 29. Rc2 Qd7 30. Qe2 Rhh8 31. Nh5 Rg6 32. Qf3 Ba3 33. Nf6 Qe7 34. Qc3 Qd8 35. b4 Rgh6 36. Qc6 Rh1+ 37. Kg2 R1h2+ 38. Kf1 1-0

[Event "Santa Eugenia op 13th"]
[Site "Santa Eugenia"]
[Date "2018.07.31"]
[Round "4"]
[White "Rex, Torsten Claus"]
[Black "Dorca Dilme, Ramon"]
[Result "1/2-1/2"]
[WhiteElo "1910"]
[BlackElo "2184"]
[PlyCount "111"]
[EventDate "2018.07.30"]
[EventType "swiss"]
[EventRounds "9"]
[EventCountry "ESP"]
[SourceTitle "CBM 185 Extra"]
[Source "ChessBase"]
[SourceDate "2018.07.29"]
[SourceVersion "1"]
[SourceVersionDate "2018.07.29"]
[SourceQuality "1"]

1. Nf3 d6 2. d4 Bg4 3. Nbd2 Nd7 4. g3 Ngf6 5. Bg2 c6 6. 0-0 e5 7. dxe5 Nxe5 8. h3 Bh5 9. b3 Be7 10. Bb2 Nxf3+ 11. Nxf3 d5 12. Qc1 0-0 13. c4 Re8 14. e3 Bg6 15. Rd1 Qa5 16. a3 Rad8 17. Nd2 Qb6 18. b4 Bd3 19. c5 Qc7 20. Qc3 Bg6 21. Nf3 Bf8 22. Ne5 Be4 23. Qd4 Bxg2 24. Kxg2 Ne4 25. Nd3 Ng5 26. Nf4 Ne6 27. Nxe6 Rxe6 28. Qd3 Rde8 29. Bd4 g6 30. Qc3 f5 31. h4 Qf7 32. Rh1 h6 33. Rae1 Re4 34. f3 R4e6 35. Kf2 Bg7 36. Bxg7 Qxg7 37. Qd4 Qc7 38. Rhg1 b6 39. Re2 bxc5 40. Qxc5 Qb6 41. Qxb6 axb6 42. Rge1 c5 43. bxc5 bxc5 44. Rc2 d4 45. Rxc5 dxe3+ 46. Ke2 Rd8 47. Rd1 Rxd1 48. Kxd1 e2+ 49. Ke1 Re3 50. a4 Rxf3 51. Kxe2 Rxg3 52. a5 Kf7 53. h5 gxh5 54. Rxf5+ Kg6 55. Rb5 Ra3 56. Kf2 1/2-1/2

[Event "Santa Eugenia op 13th"]
[Site "Santa Eugenia"]
[Date "2018.07.30"]
[Round "1"]
[White "Dorca Dilme, Ramon"]
[Black "Puigvert Vigo, Lluis"]
[Result "1-0"]
[WhiteElo "2184"]
[BlackElo "1538"]
[PlyCount "53"]
[EventDate "2018.07.30"]
[EventType "swiss"]
[EventRounds "9"]
[EventCountry "ESP"]
[SourceTitle "CBM 185 Extra"]
[Source "ChessBase"]
[SourceDate "2018.07.29"]
[SourceVersion "1"]
[SourceVersionDate "2018.07.29"]
[SourceQuality "1"]

1. e4 d5 2. Nc3 d4 3. Nce2 e5 4. Ng3 Nc6 5. Bc4 Nf6 6. Nf3 Bg4 7. 0-0 Qd7 8. h3 Be6 9. Bb5 h6 10. Nxe5 Qd6 11. Bxc6+ bxc6 12. Nf3 Qc5 13. d3 Bd6 14. Ne2 Be5 15. Nxe5 Qxe5 16. Bf4 Qc5 17. Bxc7 Rc8 18. Bh2 Qb6 19. b3 c5 20. f4 c4 21. f5 cxd3 22. cxd3 Bd7 23. Nf4 0-0 24. e5 Ne8 25. Qh5 Kh7 26. Rac1 Rc6 27. Nd5 1-0

[Event "Figueres op 15th"]
[Site "Figueres"]
[Date "2014.08.18"]
[Round "9"]
[White "Renteria Becerra, Jorge Elicer"]
[Black "Dorca Dilme, Ramon"]
[Result "1-0"]
[WhiteElo "2306"]
[BlackElo "2193"]
[PlyCount "79"]
[EventDate "2014.08.11"]
[EventType "swiss"]
[EventRounds "9"]
[EventCountry "ESP"]
[SourceTitle "CBM 162 Extra"]
[Source "ChessBase"]
[SourceDate "2014.10.17"]
[SourceVersion "1"]
[SourceVersionDate "2014.10.17"]
[SourceQuality "1"]

1. d4 e6 2. c4 f5 3. Bf4 Nf6 4. a3 g6 5. e3 Bg7 6. Nc3 d6 7. h3 0-0 8. Qc2 Qe7 9. Nf3 a6 10. Be2 Nbd7 11. Bh2 c6 12. e4 d5 13. exd5 exd5 14. cxd5 Nxd5 15. Nxd5 cxd5 16. 0-0 Nf6 17. Rfe1 Ne4 18. Be5 Bh6 19. Bd3 Be6 20. Nh2 Rac8 21. Qe2 Bf7 22. f3 Nd6 23. Qf2 Qd8 24. Qg3 Nc4 25. Bxf5 Nxe5 26. Bxc8 Nd3 27. Be6 Qb6 28. Bxf7+ Kxf7 29. Qh4 Nxe1 30. Qxh6 Qxd4+ 31. Kh1 Nc2 32. Rc1 Rc8 33. Ng4 Kg8 34. Qg5 Kf7 35. Qh4 Qxb2 36. Qxh7+ Kf8 37. Qh6+ Kf7 38. Qg5 Rc6 39. Ne5+ Ke6 40. Nxc6 1-0

[Event "Figueres op 15th"]
[Site "Figueres"]
[Date "2014.08.15"]
[Round "5"]
[White "Coronado Iruela, Manuel"]
[Black "Dorca Dilme, Ramon"]
[Result "0-1"]
[WhiteElo "2070"]
[BlackElo "2193"]
[PlyCount "106"]
[EventDate "2014.08.11"]
[EventType "swiss"]
[EventRounds "9"]
[EventCountry "ESP"]
[SourceTitle "CBM 162 Extra"]
[Source "ChessBase"]
[SourceDate "2014.10.17"]
[SourceVersion "1"]
[SourceVersionDate "2014.10.17"]
[SourceQuality "1"]

1. Nf3 d6 2. g3 g6 3. Bg2 Bg7 4. 0-0 e5 5. c4 Nc6 6. Nc3 Nge7 7. d3 0-0 8. Rb1 h6 9. Bd2 Be6 10. b4 Qd7 11. b5 Nd8 12. Ne1 g5 13. e4 Ng6 14. Nc2 c6 15. Ne3 Ne7 16. g4 f6 17. a4 Bf7 18. Nf5 Ne6 19. Ne2 Rfe8 20. Be3 Nxf5 21. exf5 Nf4 22. bxc6 bxc6 23. Nxf4 gxf4 24. Bd2 d5 25. cxd5 cxd5 26. a5 Rab8 27. Qc2 Rxb1 28. Rxb1 Rc8 29. Qb2 Bf8 30. Rc1 Rxc1+ 31. Bxc1 Qa4 32. Bf3 e4 33. Be2 f3 34. Bf1 e3 35. fxe3 Qxg4+ 36. Kf2 Bd6 37. Qxf6 Bxh2 38. Ke1 Bg3+ 39. Kd2 Qb4+ 40. Kc2 d4 41. Qxd4 Qb3+ 42. Kd2 Bc7 43. Qg4+ Kf8 44. e4 Bxa5+ 45. Ke3 Qd1 46. Ba3+ Ke8 47. Bh3 Qd2+ 48. Kd4 Qc3+ 49. Ke3 Qxa3 50. f6 Bb6+ 51. Kf4 Qd6+ 52. e5 Qd4+ 53. Kxf3 Bd5+ 0-1

[Event "Figueres op 15th"]
[Site "Figueres"]
[Date "2014.08.14"]
[Round "4"]
[White "Dorca Dilme, Ramon"]
[Black "Sanchez Enriquez, Oscar Gerardo"]
[Result "0-1"]
[WhiteElo "2193"]
[BlackElo "2374"]
[PlyCount "112"]
[EventDate "2014.08.11"]
[EventType "swiss"]
[EventRounds "9"]
[EventCountry "ESP"]
[SourceTitle "CBM 162 Extra"]
[Source "ChessBase"]
[SourceDate "2014.10.17"]
[SourceVersion "1"]
[SourceVersionDate "2014.10.17"]
[SourceQuality "1"]

1. e4 e5 2. Nf3 Nc6 3. Nc3 Bb4 4. Bb5 Nge7 5. 0-0 Bxc3 6. dxc3 d6 7. Re1 0-0 8. Bg5 Bd7 9. b4 Qe8 10. Bc4 Ng6 11. Nh4 Nxh4 12. Bxh4 Be6 13. Qe2 Nb8 14. Bb3 a5 15. a3 Nd7 16. f3 a4 17. Bxe6 Qxe6 18. Bf2 f5 19. exf5 Rxf5 20. Qb5 b6 21. Qc6 Ra7 22. c4 Rf4 23. Re4 Rxe4 24. fxe4 Nf6 25. Re1 Qd7 26. Qb5 h6 27. Re3 Kf7 28. Rf3 Qxb5 29. cxb5 Ke6 30. Re3 Ra8 31. c4 Rf8 32. h3 Rf7 33. g4 Rf8 34. Kg2 Nd7 35. Bg3 Rc8 36. Rc3 Rf8 37. Rc2 Rf7 38. Rc3 Nf6 39. Re3 Rf8 40. Re2 Rc8 41. Bf2 c6 42. Bxb6 cxb5 43. cxb5 Rb8 44. Bf2 Rxb5 45. Kf3 d5 46. exd5+ Rxd5 47. Bc5 Nd7 48. Bf2 Rd3+ 49. Re3 Rd2 50. Re2 Rd3+ 51. Re3 Rb3 52. Ke2 Rb2+ 53. Kf3 Nf6 54. Bg3 e4+ 55. Rxe4+ Nxe4 56. Kxe4 Ra2 0-1

[Event "Girona Territorial-ch"]
[Site "Girona"]
[Date "2013.11.17"]
[Round "7"]
[White "Dorca Dilme, Ramon"]
[Black "Gonzalez Escudero, Josep"]
[Result "1-0"]
[WhiteElo "2196"]
[BlackElo "1780"]
[PlyCount "74"]
[EventDate "2013.09.22"]
[EventType "swiss"]
[EventRounds "9"]
[EventCountry "ESP"]
[SourceTitle "EXT 2015"]
[Source "ChessBase"]
[SourceDate "2014.11.20"]
[SourceVersion "1"]
[SourceVersionDate "2014.11.20"]
[SourceQuality "1"]

1. e4 e6 2. Nc3 d5 3. Nf3 c5 4. Bb5+ Nc6 5. 0-0 Nf6 6. exd5 Nxd5 7. d4 Nxc3 8. bxc3 Bd7 9. Re1 Be7 10. d5 exd5 11. Bg5 Be6 12. Bxe7 Kxe7 13. Bxc6 bxc6 14. Ng5 Qd7 15. Qg4 Rae8 16. Nxe6 fxe6 17. Qxg7+ Kd8 18. Qe5 Qc7 19. Qf6+ Kd7 20. Rxe6 Rxe6 21. Qxh8 Kd6 22. Rb1 Qe7 23. Qb8+ Qc7 24. Qf8+ Qe7 25. Qf4+ Re5 26. Re1 Qg5 27. Qxe5+ Qxe5 28. Rxe5 Kxe5 29. Kf1 c4 30. Ke2 c5 31. g3 d4 32. Kf3 d3 33. Ke3 dxc2 34. f4+ Kf5 35. Kd2 c1Q+ 36. Kxc1 h5 37. Kd2 h4 1-0

[Event "Girona Territorial-ch"]
[Site "Girona"]
[Date "2013.10.27"]
[Round "5"]
[White "Dorca Dilme, Ramon"]
[Black "Lillo Castany, Victor"]
[Result "1-0"]
[WhiteElo "2196"]
[BlackElo "2324"]
[PlyCount "57"]
[EventDate "2013.09.22"]
[EventType "swiss"]
[EventRounds "9"]
[EventCountry "ESP"]
[SourceTitle "EXT 2015"]
[Source "ChessBase"]
[SourceDate "2014.11.20"]
[SourceVersion "1"]
[SourceVersionDate "2014.11.20"]
[SourceQuality "1"]

1. e4 c5 2. Nc3 Nc6 3. g3 g6 4. Bg2 Bg7 5. d3 d6 6. Be3 e6 7. Qd2 Nd4 8. Nd1 Ne7 9. c3 Ndc6 10. f4 0-0 11. Nf3 Rb8 12. 0-0 b6 13. g4 f5 14. gxf5 gxf5 15. Kh1 Bd7 16. Nf2 Qc7 17. Rae1 Rbd8 18. Qe2 fxe4 19. dxe4 Ng6 20. Nh3 Bc8 21. Nfg5 h6 22. Qh5 Nge7 23. Bf3 d5 24. Rg1 dxe4 25. Nxe6 Bxe6 26. Rxg7+ Kxg7 27. Rg1+ Ng6 28. Rxg6+ Kf7 29. Ng5+ 1-0

[Event "Figueres op 05th"]
[Site "Figueres"]
[Date "2004.08.11"]
[Round "3"]
[White "Janev, Evgeni"]
[Black "Dorca Dilme, Ramon"]
[Result "1-0"]
[WhiteElo "2420"]
[BlackElo "2158"]
[PlyCount "79"]
[EventDate "2004.08.09"]
[EventType "swiss"]
[EventRounds "8"]
[EventCountry "ESP"]
[SourceTitle "CBM 101 Extra"]
[Source "ChessBase"]
[SourceDate "2004.09.01"]
[SourceVersion "2"]
[SourceVersionDate "2004.09.01"]
[SourceQuality "1"]

1. e4 g6 2. d4 d6 3. Nc3 Bg7 4. Be3 c6 5. Qd2 b5 6. f4 Nf6 7. Bd3 Nbd7 8. Nf3 Nb6 9. h3 Qc7 10. g4 b4 11. Ne2 c5 12. c4 Bb7 13. d5 Nfd7 14. 0-0 Na4 15. Rab1 0-0-0 16. Ng3 Rdf8 17. Qc2 Nab6 18. a3 a5 19. axb4 axb4 20. Ra1 Kb8 21. Ra2 h5 22. g5 h4 23. Nh1 e5 24. f5 f6 25. fxg6 Bc8 26. b3 fxg5 27. Nxg5 Nf6 28. Qg2 Bh6 29. Re2 Rhg8 30. Nf3 Bxe3+ 31. Rxe3 Rxg6 32. Qxg6 Rg8 33. Qxg8 Nxg8 34. Nxh4 Nh6 35. Rg3 Qh7 36. Nf5 Nxf5 37. exf5 Qh4 38. f6 Nd7 39. f7 Nf8 40. Bf5 1-0

[Event "Banyoles op 6th"]
[Site "Banyoles"]
[Date "2003.08.08"]
[Round "7"]
[White "Vilela de Acuna, Jose Luis"]
[Black "Dorca Dilme, Ramon"]
[Result "1-0"]
[WhiteElo "2389"]
[BlackElo "100"]
[PlyCount "101"]
[EventDate "2003.08.??"]
[EventType "swiss"]
[EventRounds "9"]
[EventCountry "ESP"]
[SourceTitle "EXT 2005"]
[Source "ChessBase"]
[SourceDate "2004.11.15"]
[SourceVersion "1"]
[SourceVersionDate "2004.11.15"]
[SourceQuality "1"]

1. d4 e6 2. Nf3 f5 3. g3 Nf6 4. Bg2 Be7 5. 0-0 0-0 6. b3 d6 7. Bb2 Qe8 8. Nbd2 Qh5 9. Ne1 d5 10. Nd3 g5 11. c4 c6 12. Nf3 Nbd7 13. Qc1 Ne4 14. Nfe5 Nxe5 15. Nxe5 Nf6 16. Ba3 Bxa3 17. Qxa3 Qe8 18. Qc1 Qh5 19. Bf3 g4 20. Bg2 Nd7 21. Nd3 Rf6 22. Nf4 Qf7 23. Qe3 Nf8 24. c5 Bd7 25. b4 Re8 26. a4 Qe7 27. Nd3 Ng6 28. f4 gxf3 29. exf3 f4 30. Qd2 fxg3 31. hxg3 Qg7 32. f4 h5 33. Kh2 Ref8 34. Rae1 h4 35. g4 Nxf4 36. Rxf4 Rxf4 37. Nxf4 Qxg4 38. Nh3 Rf5 39. Qe3 e5 40. dxe5 Qxb4 41. e6 Be8 42. e7 Qg4 43. Qe6+ Kg7 44. Rg1 Qg3+ 45. Kh1 Re5 46. Qc8 Bg6 47. Qf8+ Kh7 48. Nf4 h3 49. Bxd5 Re1 50. Bg8+ Kh8 51. Bf7+ 1-0

[Event "Banyoles op 6th"]
[Site "Banyoles"]
[Date "2003.08.07"]
[Round "6"]
[White "Dorca Dilme, Ramon"]
[Black "Zarrouati, Pierre"]
[Result "1-0"]
[WhiteElo "100"]
[BlackElo "2172"]
[PlyCount "51"]
[EventDate "2003.08.??"]
[EventType "swiss"]
[EventRounds "9"]
[EventCountry "ESP"]
[SourceTitle "EXT 2005"]
[Source "ChessBase"]
[SourceDate "2004.11.15"]
[SourceVersion "1"]
[SourceVersionDate "2004.11.15"]
[SourceQuality "1"]

1. e4 e5 2. Bc4 Nc6 3. Nf3 Be7 4. 0-0 d6 5. c3 Nf6 6. d3 0-0 7. Bb3 h6 8. Nbd2 Nh7 9. Re1 Ng5 10. Nxg5 Bxg5 11. Nf3 Bxc1 12. Rxc1 Bg4 13. h3 Bc8 14. Re3 Kh7 15. d4 Qe7 16. Bd5 Nb8 17. Qd2 Nd7 18. Bb3 g6 19. c4 Nf6 20. c5 Nh5 21. cxd6 cxd6 22. dxe5 dxe5 23. Qa5 Nf4 24. Qxe5 Qxe5 25. Nxe5 Be6 26. Rc7 1-0

[Event "Banyoles op 6th"]
[Site "Banyoles"]
[Date "2003.08.02"]
[Round "1"]
[White "Fluvia Poyatos, Jordi"]
[Black "Dorca Dilme, Ramon"]
[Result "1-0"]
[WhiteElo "2321"]
[BlackElo "100"]
[PlyCount "61"]
[EventDate "2003.08.??"]
[EventType "swiss"]
[EventRounds "9"]
[EventCountry "ESP"]
[SourceTitle "EXT 2005"]
[Source "ChessBase"]
[SourceDate "2004.11.15"]
[SourceVersion "1"]
[SourceVersionDate "2004.11.15"]
[SourceQuality "1"]

1. Nf3 d5 2. c4 e6 3. b3 Nf6 4. g3 c5 5. Bg2 Nc6 6. 0-0 Be7 7. Bb2 0-0 8. e3 dxc4 9. bxc4 Qd3 10. Qb3 Rd8 11. Qxd3 Rxd3 12. Rd1 Nb4 13. Nc3 Rd8 14. d4 Bd7 15. d5 exd5 16. cxd5 Bd6 17. a3 Na6 18. Nd2 Nc7 19. Nc4 Bg4 20. f3 Bh5 21. e4 Bf8 22. a4 Nd7 23. g4 Bg6 24. f4 f6 25. e5 fxe5 26. d6 Ne8 27. fxe5 Nb6 28. Nxb6 axb6 29. Bd5+ Kh8 30. Nb5 Bc2 31. Rf1 1-0

[Event "Catalunya-chT"]
[Site "Spain"]
[Date "1993.??.??"]
[Round "5"]
[White "Dorca Dilme, Ramon"]
[Black "Baigorri Navarro, Francisco Javier"]
[Result "1-0"]
[WhiteElo "2175"]
[BlackElo "2200"]
[PlyCount "51"]
[EventDate "1993.??.??"]
[EventType "team"]
[EventRounds "9"]
[EventCountry "ESP"]
[SourceTitle "EXT 2019"]
[Source "ChessBase"]
[SourceDate "2018.10.10"]
[SourceVersion "1"]
[SourceVersionDate "2018.10.10"]
[SourceQuality "1"]

1. e4 c5 2. Nc3 Nc6 3. g3 g6 4. Bg2 Bg7 5. d3 d6 6. f4 e6 7. Nf3 Nge7 8. 0-0 0-0 9. Be3 Nd4 10. Bf2 Nec6 11. e5 dxe5 12. Nxe5 Nxe5 13. fxe5 Bxe5 14. Ne4 f5 15. Nxc5 Qc7 16. b4 Bg7 17. c3 Nb5 18. Qb3 Bxc3 19. Nxe6 Bxe6 20. Qxe6+ Kh8 21. Rac1 Nd4 22. Qe3 Rad8 23. Rxc3 Qxc3 24. Qe5+ Kg8 25. Bd5+ Rf7 26. Bxd4 1-0